000 00469nam a2200169Ia 4500
003 GCL
008 140319s9999 xx 000 0 eng d
040 _aGCL /
_cGCL
082 0 4 _a651.381
_bC H
100 1 _aCOSTELLANO,JOSGHA
245 1 0 _aHAND BOOK OF DISPLAY TECHNOLOGY /
_cCOSTELLANO,JOSGHA
700 1 _aCOSTELLANO,JOSPHA
260 _a[S.N] :
_bACADEMIC PRESS LIMITED. ،
_c1992
300 _a341 P
650 0 4 _aINFORMATION DISPLAY SYSTEMS
942 _2ddc
_cBK
999 _c20929
_d20929